000
00233nam a22000857a 4500
999
_c
2880
_d
2880
008
190403e1983 mx ||||| |||| 00| 0 spa d
245
1
_a
Tratado de Medicina Interna de Cecil
_d
Vol.1
260
_a
Mexico
_b
Interamericana
_c
1983
500
_3
Baja